Países sin fronteras más cercanos a China - Estadísticas

Estadísticas generales
  • Esta prueba ha sido intentada 19 veces
  • La puntuación promedio es 14 de 20
Estadísticas de respuestas
km Países % Correcto
331 Japón
100%
4 Taiwán
94%
1574 Brunéi
88%
650 Filipinas
88%
1676 Indonesia
88%
115 Tailandia
88%
437 Camboya
82%
1442 Malasia
82%
1958 Singapur
82%
94 Bangladés
76%
263 Corea del Sur
76%
615 Turkmenistán
76%
2102 Sri Lanka
71%
108 Uzbekistán
71%
1127 Irán
65%
1980 Azerbaiyán
59%
2305 Armenia
53%
2278 Georgia
53%
2073 Omán
29%
2124 Emiratos Árabes Unidos
24%
No se encontraron pruebas coincidentes
Distribución de puntuación
Porcentaje de gente con cada puntuación
Porcentaje por número respondido
Historial de tus puntuaciones
No has intentado esta prueba.